Ready for the next big wave? (Record no. 115414)

MARC details
000 -LEADER
fixed length control field 01759cad a22002415a 4500
001 - CONTROL NUMBER
control field L158611
008 - FIXED-LENGTH DATA ELEMENTS--GENERAL INFORMATION
fixed length control field 120208s2013 xxk f 000 0 eng d
035 ## - SYSTEM CONTROL NUMBER
System control number (Sirsi) u158611
041 0# - LANGUAGE CODE
Language code of text/sound track or separate title eng
110 2# - MAIN ENTRY--CORPORATE NAME
Corporate name or jurisdiction name as entry element KPMG International
9 (RLIN) 5143
245 00 - TITLE STATEMENT
Title Ready for the next big wave?
Remainder of title global construction survey 2013
Medium [electronic resource]
260 ## - PUBLICATION, DISTRIBUTION, ETC.
Place of publication, distribution, etc. [S.l.]
Name of publisher, distributor, etc. KPMG
Date of publication, distribution, etc. 2013
505 2# - FORMATTED CONTENTS NOTE
Formatted contents note Executive summary -- Industry prospects: the path to growth -- Strategic direction: when and where to expand -- Risk management: minimizing the potential for failure -- Conclusion -- About the survey -- Bookshelf
520 ## - SUMMARY, ETC.
Summary, etc. Shows that economic recovery is stimulating manufacturing, while growing urbanization is driving a continued demand for infrastructure in all forms. The scale and duration of large engineering and construction programs means that contractors require some time to prepare for market upswings. Risk management remains high on the agenda of senior executives across the sector, and this year?s survey asks why the significant investment in controls has not managed to halt large-scale project failures or damaging incidences of fraud and corruption. Leading industry experts add authoritative insight into how to create a stronger risk culture, where key decision-makers carefully evaluate potential threats across the organization.
590 ## - LOCAL NOTE (RLIN)
Local note KA NTK
650 24 - SUBJECT ADDED ENTRY--TOPICAL TERM
Topical term or geographic name entry element RISK MANAGEMENT
651 #4 - SUBJECT ADDED ENTRY--GEOGRAPHIC NAME
Geographic name International
690 ## - LOCAL SUBJECT ADDED ENTRY--TOPICAL TERM (OCLC, RLIN)
Topical term or geographic name as entry element Construction management
9 (RLIN) 6230
690 ## - LOCAL SUBJECT ADDED ENTRY--TOPICAL TERM (OCLC, RLIN)
Topical term or geographic name as entry element Infrastructure
9 (RLIN) 6246
690 ## - LOCAL SUBJECT ADDED ENTRY--TOPICAL TERM (OCLC, RLIN)
Topical term or geographic name as entry element Energy
9 (RLIN) 6237
856 40 - ELECTRONIC LOCATION AND ACCESS
Uniform Resource Identifier <a href="https://www.kpmg.com/Global/en/IssuesAndInsights/ArticlesPublications/global-construction-survey/Documents/global-construction-survey-2013-v2.pdf">https://www.kpmg.com/Global/en/IssuesAndInsights/ArticlesPublications/global-construction-survey/Documents/global-construction-survey-2013-v2.pdf</a>
Public note View this item free of charge at www.kpmg.com
942 ## - ADDED ENTRY ELEMENTS (KOHA)
Suppress in OPAC 0
Holdings
Withdrawn status Lost status Source of classification or shelving scheme Damaged status Not for loan Home library Current library Shelving location Date acquired Total Checkouts Full call number Barcode Date last seen Copy number Price effective from Koha item type
    Dewey Decimal Classification     Virtual Virtual Online 14/05/2015   ONLINE PUBLICATION 158611-2001 06/08/2019 1 06/08/2019 Book